| 000 | 00323nam a22001217a 4500 | ||
|---|---|---|---|
| 020 | _a9789350530658 | ||
| 082 |
_a636.2. _bPUS/DA |
||
| 100 |
_aPushpesh J. _91153 |
||
| 245 | _aDairying and Cattle Farming : Global and Indian Experiences | ||
| 260 |
_aNew Delhi _bCyber Tech Publications _c2013 |
||
| 300 | _a264 | ||
| 942 | _cBK | ||
| 999 |
_c14658 _d14658 |
||